| 000 | 00477nab a2200145Ia 4500 | ||
|---|---|---|---|
| 003 | ES-SlBCS | ||
| 005 | 20210601132802.0 | ||
| 008 | 140529s1995 xxu||||| |||| 00| 0 ita d | ||
| 041 | _aita | ||
| 100 | 1 |
_aMajkrazak, Henryk _9198872 |
|
| 245 | 0 | 0 |
_aLa dignità dell'uomo nel pensiero di S. Tommaso d'Aquino _c Henryk Majkrazak |
| 600 | 0 | 4 |
_aTomás de Aquino-Dignidad del Hombre _9198873 |
| 773 | 0 |
_tForum Philosophicum _gvol. 2, nº. 2, 1995, págs. 193-207 _wRev211 |
|
| 942 | _cAR | ||
| 999 |
_c585655 _d585655 |
||